Validación del método de diseño plástico basado en desplazamientos (DPBD) mediante análisis no-lineal de respuesta en el tiempo
Na minha lista:
| Autor principal: | |
|---|---|
| Formato: | Livro |
| Publicado em: |
San José, C.R.
2005
|
| Assuntos: | |
| Tags: |
Adicionar Tag
Sem tags, seja o primeiro a adicionar uma tag!
|
MARC
| LEADER | 00000nam a2200000Ia 4500 | ||
|---|---|---|---|
| 003 | 009611 | ||
| 005 | 20221231144126.0 | ||
| 008 | 140114s2005 cr a m 000 ||s d | ||
| 040 | |c cru CEDI | ||
| 090 | |a TFG 5153 | ||
| 100 | |a Salas De la Fuente, Luis Diego |9 5833 | ||
| 245 | |a Validación del método de diseño plástico basado en desplazamientos (DPBD) mediante análisis no-lineal de respuesta en el tiempo | ||
| 260 | |c 2005 |a San José, C.R. | ||
| 300 | |a xv, 163, [69] hojas : ilustraciones (algunas a color) | ||
| 500 | |a Tesis (magíster scientiae en ingeniería civil con énfasis en estructuras)--Universidad de Costa Rica. Sistema de Estudios de Posgrado | ||
| 650 | |x DISEÑO Y CONSTRUCCION |x DISEÑO DE ESTRUCTURAS |x INGENIERÍA DE ESTRUCTURAS |x RESISTENCIA DE MATERIALES |x ANALISIS PLASTICO (TEORIA DE LAS ESTRUCTURAS) |x CONSTRUCCIONES ANTISISMICAS |x RESISTENCIA A LOS TERREMOTOS |9 5834 | ||
| 942 | |c TFG | ||
| 999 | |c 17270 |d 17270 | ||
